Memoria del Ministro de Hacienda presentada al Congreso Nacional en 1902

Kaydedildi:
Detaylı Bibliyografya
Materyal Türü: Kitap
Dil:İspanyolca
Baskı/Yayın Bilgisi: Santiago Imprenta Nacional 1903
Edisyon:1a. ed
Konular:
Etiketler: Etiketle
Etiket eklenmemiş, İlk siz ekleyin!

MARC

LEADER 00000cam a2200000 a 4500
001 UCE4855
003 CL-VaPUC
008 141113e19030000cl |||||||||||||||||spa|d
082 0 4 |a 351.05  |b MEM  |2 21 
245 1 0 |a Memoria del Ministro de Hacienda presentada al Congreso Nacional en 1902 
250 |a 1a. ed 
300 |a 348 p 
942 |c BK 
945 |d 20141113 14:00:00  |a arojas 
260 |a Santiago  |b Imprenta Nacional  |c 1903 
600 0 7 |a MINISTERIO DE HACIENDA  |2 CL-VaPUC  |9 400899 
600 0 7 |a CONGRESO NACIONAL  |2 CL-VaPUC  |9 396553 
650 7 |a MEMORIAS MINISTERIALES  |2 CL-VaPUC  |9 396559 
650 0 |a Historia de Chile siglo 20  |9 268145 
650 0 |a Fuentes Históricas  |9 265141 
650 0 |a Balances  |9 356958 
650 7 |a CUENTAS NACIONALES  |2 CL-VaPUC  |9 344474 
650 7 |a DEUDA EXTERNA  |2 CL-VaPUC  |9 314619 
650 0 |a Hacienda pública  |9 258673 
583 |a last modification  |c 20141113 14:00:00  |k Rodrigo Vera 
999 |c 357713  |d 357711 
952 |0 0  |1 0  |3 erd  |4 0  |6 351_050000000000000_MEM_1903  |7 0  |8 X  |9 465763  |a FDOBUD  |b FDOBUD  |i 5124409  |o 351.05 MEM 1903  |p 5124409  |r 2019-11-23  |w 2019-11-23  |y BK_X  |z Catalogado en:20141113  |k BUD